CGI programming with Perl / (Record no. 11)

MARC details
000 -LEADER
fixed length control field 01199cam a22003134a 4500
001 - CONTROL NUMBER
control field 12011929
005 - DATE AND TIME OF LATEST TRANSACTION
control field 20200421093816.0
008 - FIXED-LENGTH DATA ELEMENTS--GENERAL INFORMATION
fixed length control field 000518s2000 ch a b 001 0 eng
010 ## - LIBRARY OF CONGRESS CONTROL NUMBER
LC control number 00041664
020 ## - INTERNATIONAL STANDARD BOOK NUMBER
International Standard Book Number 1565924193
040 ## - CATALOGING SOURCE
Original cataloging agency DLC
Transcribing agency DLC
Modifying agency DLC
042 ## - AUTHENTICATION CODE
Authentication code pcc
050 00 - LIBRARY OF CONGRESS CALL NUMBER
Classification number QA76.73.P22
Item number G84 2000
082 00 - DEWEY DECIMAL CLASSIFICATION NUMBER
Classification number 005.2/762
Edition information 21
100 1# - MAIN ENTRY--PERSONAL NAME
Personal name Guelich, Scott.
9 (RLIN) 6
245 10 - TITLE STATEMENT
Title CGI programming with Perl /
Statement of responsibility, etc. Scott Guelich, Shishir Gundavaram and Gunther Birznieks.
250 ## - EDITION STATEMENT
Edition statement 2nd ed.
260 ## - PUBLICATION, DISTRIBUTION, ETC.
Place of publication, distribution, etc. Beijing ;
-- Cambridge, Mass. :
Name of publisher, distributor, etc. O'Reilly,
Date of publication, distribution, etc. 2000.
300 ## - PHYSICAL DESCRIPTION
Extent xv, 451 p.
Other physical details ill.
Dimensions 24 cm.
504 ## - BIBLIOGRAPHY, ETC. NOTE
Bibliography, etc. note Includes bibliographical references (p. 403-406) and index.
650 #0 - SUBJECT ADDED ENTRY--TOPICAL TERM
Topical term or geographic name entry element Perl (Computer program language)
9 (RLIN) 19
650 #0 - SUBJECT ADDED ENTRY--TOPICAL TERM
Topical term or geographic name entry element CGI (Computer network protocol)
9 (RLIN) 21
650 #0 - SUBJECT ADDED ENTRY--TOPICAL TERM
Topical term or geographic name entry element Internet programming.
9 (RLIN) 5
700 1# - ADDED ENTRY--PERSONAL NAME
Personal name Birznieks, Gunther.
9 (RLIN) 22
856 42 - ELECTRONIC LOCATION AND ACCESS
Materials specified Publisher description
Uniform Resource Identifier <a href="http://www.loc.gov/catdir/enhancements/fy0715/00041664-d.html">http://www.loc.gov/catdir/enhancements/fy0715/00041664-d.html</a>
906 ## - LOCAL DATA ELEMENT F, LDF (RLIN)
a 7
b cbc
c orignew
d 1
e ocip
f 20
g y-gencatlg
942 ## - ADDED ENTRY ELEMENTS (KOHA)
Source of classification or shelving scheme Dewey Decimal Classification
Koha item type Books
Holdings
Withdrawn status Lost status Damaged status Not for loan Collection Home library Current library Shelving location Date acquired Barcode Date last seen Price effective from Koha item type
        Reference Centerville Centerville General stacks 09/04/2014 39999000000498 09/04/2014 09/04/2014 Books